| 000 | 01083cam a22002891i 4500 | ||
|---|---|---|---|
| 003 | SA-RiAUC | ||
| 005 | 20250807073542.0 | ||
| 008 | 250806s2007 ku g b 00010 ara c | ||
| 040 |
_aNLOKW _bara _cSA-RiAUC. _erda |
||
| 082 | 0 | 4 |
_a219.3 _qSA-RiAUC |
| 090 |
_a219.3 _bع و ا |
||
| 100 | 1 |
_aالعوا، محمد سليم، _d1942- _eمؤلف. |
|
| 245 | 1 | 2 |
_aالوسطية السياسية / _cمحمد سليم العوا. |
| 250 | _aالطبعة الأولى. | ||
| 264 | 1 |
_aالكويت : _bالمركز العالمي للوسطية، _c2007 |
|
| 300 |
_a52 صفحة ؛ _c21 سم. |
||
| 336 |
_aنص _btxt _2rdacontent _3كتاب |
||
| 337 |
_aبدون وسيط _bn _2rdamedia |
||
| 338 |
_aمجلد _bnc _2rdacarrier |
||
| 490 | 1 |
_aالأمة الوسط ؛ _v11 |
|
| 504 | _aيشتمل على إرجاعات ببليوجرافية. | ||
| 650 | 7 |
_aالإسلام والإصلاح السياسي _2aucsh |
|
| 650 | 7 |
_aالإسلام والدولة _2aucsh |
|
| 830 | 2 |
_aالأمة الوسط _v11 |
|
| 942 |
_2ddc _cBOOK _n0 |
||
| 949 |
_aSA-JeALM _d250806 _umohamedma123 _n1 |
||
| 999 |
_c10630 _d10630 |
||